[Event "26th Abu Dhabi Master 2019"]
[Site "Abu Dhabi"]
[Date "2019.08.03"]
[Round "2.43"]
[White "Suleymanli, Aydin"]
[Black "Panda Sambit"]
[Result "1-0"]
[WhiteElo "2416"]
[BlackElo "2126"]
[Annotator "NA"]
[PlyCount "103"]
[EventDate "2019.08.02"]
[EventType "swiss"]
[EventCountry "UAE"]
[SourceTitle "playchess.com"]
[Source "ChessBase"]
[SourceQuality "1"]
[TimeControl "5400+30"]

1. d4 {[%emt 0:00:00]} d5 {[%emt 0:00:48]} 2. c4 {[%emt 0:00:00]} e6 {[%emt 0:00:08]} 3. Nc3 {[%emt 0:00:00]} Nf6 {[%emt 0:00:05]} 4. Bg5 {[%emt 0:00:03]} Be7 {[%emt 0:00:07]} 5. e3 {[%emt 0:00:03]} h6 {[%emt 0:00:04]} 6. Bh4 {[%emt 0:00:08]} O-O {[%emt 0:00:34]} 7. cxd5 {[%emt 0:00:07]} Nxd5 {[%emt 0:00:09]} 8. Bxe7 {[%emt 0:00:14]} Qxe7 {[%emt 0:00:07]} 9. Nxd5 {[%emt 0:00:21]} exd5 {[%emt 0:00:02]} 10. Rc1 {[%emt 0:01:49]} Bf5 {[%emt 0:09:46]} 11. Bd3 {[%emt 0:01:11]} Qb4+ {[%emt 0:12:17]} 12. Qd2 {[%emt 0:01:22]} Qxd2+ {[%emt 0:00:07]} 13. Kxd2 {[%emt 0:00:02]} Bxd3 {[%emt 0:00:08]} 14. Kxd3 {[%emt 0:00:02]} c6 {[%emt 0:00:05]} 15. Ne2 {[%emt 0:00:05]} Nd7 {[%emt 0:01:18]} 16. f3 {[%emt 0:00:34]} a5 {[%emt 0:09:54]} 17. h4 {[%emt 0:01:31]} Nb6 {[%emt 0:06:56]} 18. g4 {[%emt 0:19:20]} Rfe8 {[%emt 0:02:26]} 19. Rc2 {[%emt 0:00:09]} g6 {[%emt 0:07:07]} 20. h5 {[%emt 0:08:41]} g5 {[%emt 0:01:09]} 21. Ng3 {[%emt 0:00:29]} Nc8 {[%emt 0:01:19]} 22. Nf5 {[%emt 0:01:19]} Re6 {[%emt 0:00:32]} 23. e4 {[%emt 0:04:48]} dxe4+ {[%emt 0:18:02]} 24. fxe4 {[%emt 0:00:12]} Nd6 {[%emt 0:03:31]} 25. Ng3 {[%emt 0:07:34]} Rd8 {[%emt 0:03:23]} 26. a4 {[%emt 0:00:30]} Nc8 {[%emt 0:03:01]} 27. Rf1 {[%emt 0:06:01]} Nb6 {[%emt 0:09:25]} 28. Rc5 {[%emt 0:13:12]} Nd7 {[%emt 0:01:07]} 29. Rcf5 {[%emt 0:02:40]} b6 {[%emt 0:00:44]} 30. Kc2 {[%emt 0:03:25]} f6 {[%emt 0:00:27]} 31. Kb1 {[%emt 0:01:15]} Rde8 {[%emt 0:05:26]} 32. Rc1 {[%emt 0:02:31]} c5 {[%emt 0:01:21]} 33. Rd5 {[%emt 0:00:07]} R6e7 {[%emt 0:03:58]} 34. Nf5 {[%emt 0:00:40]} Rh7 {[%emt 0:00:01]} 35. Nxh6+ {[%emt 0:01:28]} Kf8 {[%emt 0:00:00]} 36. Nf5 {[%emt 0:00:16]} Rxe4 {[%emt 0:00:56]} 37. dxc5 {[%emt 0:00:13]} Nxc5 {[%emt 0:00:47]} 38. Rd6 {[%emt 0:01:30]} Rxg4 {[%emt 0:01:03]} 39. Rxf6+ {[%emt 0:00:22]} Ke8 {[%emt 0:00:07]} 40. Rxb6 {[%emt 0:00:46]} Nxa4 {[%emt 0:00:53]} 41. Rb8+ {[%emt 0:00:36]} Kd7 {[%emt 0:00:32]} 42. Rb7+ {[%emt 0:00:23]} Ke6 {[%emt 0:00:00]} 43. Rxh7 {[%emt 0:00:09]} Kxf5 {[%emt 0:00:05]} 44. Rf1+ {[%emt 0:00:21]} Ke6 {[%emt 0:00:08]} 45. Rc7 {[%emt 0:00:59]} Kd6 {[%emt 0:00:51]} 46. Rc2 {[%emt 0:00:14]} Rh4 {[%emt 0:00:43]} 47. b3 {[%emt 0:00:53]} Nb6 {[%emt 0:00:00]} 48. Rf6+ {[%emt 0:00:06]} Ke5 {[%emt 0:00:16]} 49. Rxb6 {[%emt 0:00:07]} Rxh5 {[%emt 0:00:02]} 50. Rb5+ {[%emt 0:00:07]} Kd4 {[%emt 0:00:09]} 51. Rg2 {[%emt 0:00:22]} Kc3 {[%emt 0:00:22]} 52. Rg3+ {[%emt 0:00:06]} 1-0

[Event "26th Abu Dhabi Master 2019"]
[Site "Abu Dhabi"]
[Date "2019.08.03"]
[Round "2.44"]
[White "Tarini Goyal"]
[Black "Rakesh Kumar Jena"]
[Result "1/2-1/2"]
[WhiteElo "2038"]
[BlackElo "2395"]
[Annotator "NA"]
[PlyCount "84"]
[EventDate "2019.08.02"]
[EventType "swiss"]
[EventCountry "UAE"]
[SourceTitle "playchess.com"]
[Source "ChessBase"]
[SourceQuality "1"]
[TimeControl "5400+30"]

1. d4 e6 2. c4 b6 3. Bf4 Bb7 4. e3 Nf6 5. Nf3 Be7 6. h3 O-O 7. Nc3 a6 8. Bd3 d5 9. cxd5 exd5 10. O-O Nbd7 11. Rc1 c5 12. Bb1 c4 13. Ne5 b5 14. a3 Re8 15. Qf3 Nf8 16. g4 Ng6 17. Nxg6 hxg6 18. Rfd1 Qd7 19. Be5 a5 20. g5 Nh7 21. h4 b4 22. axb4 axb4 23. Ne2 Bc8 24. Kg2 Ra6 25. Nf4 Rd8 26. Rh1 f6 27. gxf6 gxf6 28. Nxg6 fxe5 29. Nxe5 Qe8 30. Rcg1 Rf6 31. Kf1+ Kh8 32. Qg3 Qg8 33. Ng6+ Rxg6 34. Qxg6 Qxg6 35. Rxg6 Nf8 36. Rg3 Be6 37. Ke2 Rc8 38. Rhg1 c3 39. bxc3 bxc3 40. Bc2 Bf6 41. f3 Rc7 42. h5 Bg7 1/2-1/2

[Event "26th Abu Dhabi Master 2019"]
[Site "Abu Dhabi"]
[Date "2019.08.03"]
[Round "2.45"]
[White "Mrudul Dehankar"]
[Black "Manush Shah"]
[Result "1/2-1/2"]
[WhiteElo "2074"]
[BlackElo "2373"]
[Annotator "NA"]
[PlyCount "108"]
[EventDate "2019.08.02"]
[EventType "swiss"]
[EventCountry "UAE"]
[SourceTitle "playchess.com"]
[Source "ChessBase"]
[SourceQuality "1"]
[TimeControl "5400+30"]

1. e4 {[%emt 0:00:00]} c6 {[%emt 0:00:17]} 2. d4 {[%emt 0:00:00]} d5 {[%emt 0:00:26]} 3. Nd2 {[%emt 0:00:43]} dxe4 {[%emt 0:00:12]} 4. Nxe4 {[%emt 0:00:04]} Bf5 {[%emt 0:00:11]} 5. Ng3 {[%emt 0:00:05]} Bg6 {[%emt 0:00:03]} 6. h4 {[%emt 0:00:06]} h6 {[%emt 0:00:03]} 7. Nh3 {[%emt 0:00:04]} Nf6 {[%emt 0:01:27]} 8. Nf4 {[%emt 0:00:10]} Bh7 {[%emt 0:00:01]} 9. Bc4 {[%emt 0:00:32]} Na6 {[%emt 0:00:50]} 10. O-O {[%emt 0:07:40]} Nc7 {[%emt 0:01:53]} 11. Ngh5 {[%emt 0:04:51]} e6 {[%emt 0:10:32]} 12. Re1 {[%emt 0:03:53]} Qd7 {[%emt 0:07:55]} 13. c3 {[%emt 0:19:43]} O-O-O {[%emt 0:02:24]} 14. Nd3 {[%emt 0:02:13]} Bxd3 {[%emt 0:10:07]} 15. Bxd3 {[%emt 0:03:25]} Nfd5 {[%emt 0:06:56]} 16. Qf3 {[%emt 0:12:58]} g6 {[%emt 0:10:06]} 17. Nf6 {[%emt 0:08:13]} Nxf6 {[%emt 0:01:05]} 18. Qxf6 {[%emt 0:00:04]} Rg8 {[%emt 0:06:06]} 19. g3 {[%emt 0:04:43]} Nd5 {[%emt 0:01:59]} 20. Qf3 {[%emt 0:00:15]} g5 {[%emt 0:02:16]} 21. hxg5 {[%emt 0:11:19]} hxg5 {[%emt 0:00:34]} 22. a3 {[%emt 0:01:53]} g4 {[%emt 0:04:43]} 23. Qe2 {[%emt 0:02:23]} Bd6 {[%emt 0:05:40]} 24. c4 {[%emt 0:06:06]} Nc7 {[%emt 0:01:09]} 25. Be3 {[%emt 0:03:39]} f5 {[%emt 0:02:13]} 26. Qd2 {[%emt 0:03:56]} Qh7 {[%emt 0:11:01]} 27. Qa5 {[%emt 0:03:52]} Rh8 {[%emt 0:02:28]} 28. Kf1 {[%emt 0:00:06]} Qh1+ {[%emt 0:01:40]} 29. Ke2 {[%emt 0:00:02]} Qf3+ {[%emt 0:00:22]} 30. Kd2 {[%emt 0:00:05]} f4 {[%emt 0:00:46]} 31. gxf4 {[%emt 0:00:09]} Bxf4 {[%emt 0:00:23]} 32. Kc3 {[%emt 0:00:20]} e5 {[%emt 0:05:31]} 33. dxe5 {[%emt 0:02:23]} b6 {[%emt 0:03:39]} 34. Qxa7 {[%emt 0:00:27]} Bxe5+ {[%emt 0:00:05]} 35. Kc2 {[%emt 0:00:07]} Rxd3 {[%emt 0:00:34]} 36. Kxd3 {[%emt 0:00:57]} Rd8+ {[%emt 0:00:02]} 37. Kc2 {[%emt 0:00:11]} Qe4+ {[%emt 0:00:09]} 38. Kc1 {[%emt 0:00:44]} Qxc4+ {[%emt 0:00:16]} 39. Kb1 {[%emt 0:00:01]} Qd3+ {[%emt 0:01:07]} 40. Ka2 {[%emt 0:00:05]} Qc4+ {[%emt 0:00:40]} 41. Kb1 {[%emt 0:00:02]} Qe4+ {[%emt 0:01:52]} 42. Ka2 {[%emt 0:00:34]} Qd5+ {[%emt 0:00:03]} 43. Kb1 {[%emt 0:00:05]} Nb5 {[%emt 0:01:00]} 44. Qa6+ {[%emt 0:02:15]} Kd7 {[%emt 0:00:04]} 45. Qa4 {[%emt 0:00:25]} Kc7 {[%emt 0:00:18]} 46. Qc2 {[%emt 0:00:36]} Rd7 {[%emt 0:01:18]} 47. a4 {[%emt 0:00:27]} Nd4 {[%emt 0:00:11]} 48. Bxd4 {[%emt 0:00:08]} Bxd4 {[%emt 0:00:12]} 49. Rd1 {[%emt 0:00:50]} Rf7 {[%emt 0:00:22]} 50. Rd2 {[%emt 0:00:34]} Rxf2 {[%emt 0:00:47]} 51. Rxf2 {[%emt 0:00:32]} Bxf2 {[%emt 0:00:02]} 52. Qxf2 {[%emt 0:00:32]} Qd1+ {[%emt 0:00:04]} 53. Ka2 {[%emt 0:00:04]} Qxa4+ {[%emt 0:00:02]} 54. Kb1 {[%emt 0:00:04]} Qd1+ {[%emt 0:00:03]} 1/2-1/2

[Event "26th Abu Dhabi Master 2019"]
[Site "Abu Dhabi"]
[Date "2019.08.03"]
[Round "2.46"]
[White "Siva Mahadevan"]
[Black "Kryvoruchko, Yuriy"]
[Result "1/2-1/2"]
[WhiteElo "2270"]
[BlackElo "2691"]
[Annotator "TA"]
[PlyCount "32"]
[EventDate "2019.08.02"]
[EventType "swiss"]
[EventCountry "UAE"]
[SourceTitle "playchess.com"]
[Source "ChessBase"]
[SourceQuality "1"]

{[%evp 16,32,27,0,36,26,25,31,38,0,0,0,0,0,0,0,0,0,0]} 1. e4 e5 2. Nf3 Nc6 3. Bb5 a6 4. Bxc6 dxc6 5. O-O f6 6. d4 Bg4 7. c3 Bd6 8. Be3 Ne7 9. Nbd2 O-O {C69: Ruy Lopez: Exchange Variation with 5 0-0 f6} 10. Qb3+ (10. h3 Bh5 11. dxe5 fxe5 12. Qb3+ Kh8 13. Qxb7 Qd7 14. Qb3 Bxf3 15. Nxf3 Rxf3 16. gxf3 Ng6 17. Kh2 {½-½ (67) Naiditsch,A (2724)-Saric,I (2628) Germany 2014}) 10... Kh8 11. Qxb7 Be6 {White is slightly better.} 12. c4 {Black must now prevent dxe5.} Rb8 {The position is equal.} 13. Qxa6 {[#] aiming for c5.} Ra8 $1 {[%cal Ra8a6]} 14. Qb7 {And now dxe5 would win.} Rb8 15. Qa6 {Hoping for c5.} Ra8 $1 {[%cal Ra8a6]} 16. Qb7 {Threatens to win with dxe5.} Rb8 $146 1/2-1/2

[Event "26th Abu Dhabi Master 2019"]
[Site "Abu Dhabi"]
[Date "2019.08.03"]
[Round "2.47"]
[White "Onischuk, Vladimir"]
[Black "Salih, Akar Ali Salih"]
[Result "1-0"]
[WhiteElo "2637"]
[BlackElo "2261"]
[Annotator "TA"]
[PlyCount "74"]
[EventDate "2019.08.02"]
[EventType "swiss"]
[EventCountry "UAE"]
[SourceTitle "playchess.com"]
[Source "ChessBase"]
[SourceQuality "1"]

{[%evp 30,74,14,0,23,21,27,0,0,0,8,12,83,83,76,85,84,85,289,278,286,311,263,254,252,180,180,183,182,176,417,415,421,412,418,420,400,408,404,388,589,433,686,393,877,420,430]} 1. e4 e5 2. Nf3 Nc6 3. Bb5 a6 4. Ba4 Nf6 5. O-O b5 6. Bb3 Be7 7. Re1 O-O 8. h3 d6 9. c3 Nb8 {[%cal Bc6b8,Bb8d7,Bd7c5][%mdl 32]} 10. d3 Nbd7 11. Nbd2 {[%cal Bb1d2,Bd2f1,Bf1g3,Bg3f5][%mdl 32]} Bb7 12. Nf1 Re8 13. Ng3 Bf8 14. Nh2 Nc5 15. Bc2 d5 16. Qf3 h6 {C94: Closed Ruy Lopez: Breyer Variation with 10 d3} (16... Ne6 17. Nf5 Kh8 18. Ng4 Nxg4 19. Qxg4 Qf6 20. exd5 Bxd5 21. Ng3 Bc5 22. d4 exd4 23. Nh5 Qe7 24. Qf5 g6 25. Qxd5 gxh5 26. Qf5 f6 27. Rxe6 Qxe6 28. Qxh7# {1-0 (28) Bosiocic,M (2552)-Von Bahr,O (2379) Split 2015}) 17. Nf5 Kh7 18. Ng4 Nxg4 $146 {The position is equal.} ({Predecessor:} 18... dxe4 19. dxe4 Nxg4 {1-0 (37) Pogonina,N (2419)-Dornbusch,T (2232) Sochi 2007}) 19. hxg4 dxe4 20. dxe4 Qf6 {[#]} (20... Ne6 $1 $11 {keeps the balance.}) 21. g5 $1 $16 {[%cal Rg5f6][%mdl 512]} hxg5 22. Qh5+ Kg8 23. Bxg5 Qc6 $2 (23... Qg6 $16 24. Qxg6 fxg6) 24. Re3 $18 {White wants to mate with Rh3.} Qg6 {[#]} 25. Qh4 $1 {aiming for Rh3.} Qh7 {[#]} 26. Qg4 $1 Qg6 27. Rg3 $40 {[%mdl 128] White wants a kill.} Ne6 28. Qh4 Qh7 29. Bh6 $1 Kh8 $2 (29... Bc8 {might work better.} 30. Qg4 g6) 30. Rd1 {[%cal Ba1d1,Bd1d7,Bd7c7][%mdl 32] Hoping for Rd7.} gxh6 31. Qf6+ {[%mdl 64] Double Attack} Bg7 32. Nxg7 Nxg7 33. Rd7 {[%mdl 64] Double Attack} Rf8 34. Rxc7 Bc8 (34... Rae8 $142 35. Rxb7 Re6) 35. Bb3 h5 (35... Be6 $142 36. Bxe6 (36. Qxe5 Bxb3 37. axb3 Rae8 $15) 36... fxe6 37. Rgxg7 Rxf6 38. Rxh7+ Kg8 39. Rcg7+ Kf8) 36. Rg5 a5 $2 (36... Be6 37. Bxe6 (37. Qxe5 Bxb3 38. axb3 Qh6 $15) 37... fxe6 38. Rgxg7 Rxf6 39. Rxh7+ Kg8 40. Rcg7+ (40. Rxh5 Rd8 $18) 40... Kf8) 37. Bd5 (37. Rxf7 $142 Rxf7 38. Bxf7) 37... Ra6 {Accuracy: White = 72%, Black = 43%.} 1-0

[Event "26th Abu Dhabi Master 2019"]
[Site "Abu Dhabi"]
[Date "2019.08.03"]
[Round "2.48"]
[White "Ter-Sahakyan, Samvel"]
[Black "Priyanka Nutakki"]
[Result "1-0"]
[WhiteElo "2625"]
[BlackElo "2293"]
[Annotator "TA"]
[PlyCount "119"]
[EventDate "2019.08.02"]
[EventType "swiss"]
[EventCountry "UAE"]
[SourceTitle "playchess.com"]
[Source "ChessBase"]
[SourceQuality "1"]

{[%evp 16,119,13,0,29,25,17,4,14,11,35,33,33,23,26,17,74,81,86,82,90,86,102,98,99,99,102,101,99,99,96,87,113,108,133,117,126,108,100,100,104,106,112,112,114,114,114,91,105,91,93,89,97,100,102,97,125,102,124,124,135,105,104,104,106,103,118,127,144,110,121,64,123,73,79,79,95,82,109,27,79,42,73,10,73,72,71,70,176,163,131,131,329,329,354,311,965,951,1378,1315,1552,1486,7626,7102,6079,5069]} 1. e4 e6 2. d4 d5 3. Nc3 Nf6 4. e5 Nfd7 5. f4 c5 6. Nf3 Nc6 7. Be3 Be7 8. Qd2 O-O 9. dxc5 Qa5 {C11: French: Classical System: 4 e5 and 4 Bg5 dxe4} (9... Nxc5 10. O-O-O a6 11. h4 b5 12. Bd3 b4 13. Bxc5 Bxc5 14. Na4 Ba7 15. Qe2 f5 16. g4 Ne7 17. Ng5 {0-1 (45) Caruana,F (2828)-Nyzhnyk,I (2638) chess.com INT 2019}) 10. a3 Bxc5 11. Bxc5 Nxc5 {The position is equal.} 12. O-O-O a6 13. Qe3 Qb6 {[#] aiming for ...Nb3+!} 14. Nd4 Nd7 15. g3 $146 ({Predecessor:} 15. Be2 Ndb8 16. Rhf1 Nxd4 17. Qxd4 Qxd4 18. Rxd4 {1-0 (47) Souleidis,G (2416)-Tomczak,J (2580) Germany 2014}) 15... f6 (15... Qc5 $11) 16. exf6 $16 Nxf6 17. Bg2 Bd7 18. Rhe1 Rfe8 19. Nxc6 Qxe3+ 20. Rxe3 Bxc6 21. Bh3 Kf7 22. Ne2 Ne4 {Threatening ...Nf2.} 23. Nd4 Bd7 {next ...Nf2 is good for Black.} 24. Bg2 Nf6 25. Nf3 Rac8 26. Bh3 h6 27. Ne5+ Ke7 28. f5 Rc7 29. Nxd7 Kxd7 30. fxe6+ Ke7 31. Bf5 Rec8 32. c3 Rc5 {...d4 would now be nice for Black.} 33. Rf3 b5 34. Kc2 a5 35. Kb3 R8c7 36. h4 h5 37. Rf4 Rc4 38. Rdd4 Rxd4 39. Rxd4 {[%mdl 4096] Endgame KRB-KRN} Kd6 40. Rf4 Ke5 41. Bh3 Re7 42. Kc2 Ne4 43. Rf3 (43. Rf7 $16 Kd6 44. Rf8) 43... g6 ({Black should try} 43... Kd6 $14) 44. b4 {Hoping for Rf7.} axb4 45. axb4 Rc7 46. Kb2 {Black must now prevent Rf7.} Re7 47. Re3 (47. Rf7 $16 Re8 48. Rb7) 47... Re8 (47... d4 $1 $11 48. cxd4+ Kxd4) 48. Re1 Re7 49. Rg1 (49. Bf1 $16) 49... Nf2 {[#]} (49... Kd6 $11 {keeps the balance.}) 50. Bf1 $1 Rxe6 51. Bxb5 Rb6 (51... Rf6 $14) 52. Re1+ $18 Kd6 53. Bf1 Ne4 $2 (53... Rb8 $16 54. Kb3 Ne4) 54. Bd3 Ke5 55. Kb3 Kf5 $2 (55... Rb8 56. b5 Kd6 57. Bxe4 Re8 {[%mdl 64] Pin}) 56. c4 {White is clearly winning.} Kg4 57. Bxe4 dxe4 58. Rxe4+ Kxg3 59. c5 Rf6 60. b5 {Accuracy: White = 63%, Black = 36%.} 1-0

[Event "26th Abu Dhabi Master 2019"]
[Site "Abu Dhabi"]
[Date "2019.08.03"]
[Round "2.49"]
[White "Nguyen, Anh Khoi"]
[Black "Wagh Suyog"]
[Result "1/2-1/2"]
[WhiteElo "2516"]
[BlackElo "2242"]
[Annotator "ChessBase"]
[PlyCount "53"]
[EventDate "2019.08.02"]
[EventType "swiss"]
[EventCountry "UAE"]
[SourceTitle "playchess.com"]
[Source "ChessBase"]
[SourceQuality "1"]
[TimeControl "5400+30"]

1. d4 d5 2. c4 c6 3. Nf3 Nf6 4. Nc3 a6 5. g3 dxc4 6. Ne5 b5 7. Bg2 Bb7 8. b3 cxb3 9. axb3 e6 10. O-O Be7 11. Bb2 O-O 12. Ne4 Nxe4 13. Bxe4 Bd6 14. Qc2 h6 15. Rfc1 Qe7 16. Nxc6 Nxc6 17. Bxc6 Rfb8 18. Qd3 Bxc6 19. Rxc6 a5 20. d5 e5 21. Rac1 a4 22. b4 e4 23. Qe3 Rd8 24. Rb6 Bxb4 25. Rxb5 a3 26. Ba1 Bd6 27. Kg2 1/2-1/2

[Event "26th Abu Dhabi Master 2019"]
[Site "Abu Dhabi"]
[Date "2019.08.03"]
[Round "2.50"]
[White "Kuybokarov, Temur"]
[Black "Paramzina, Anastasya"]
[Result "1-0"]
[WhiteElo "2511"]
[BlackElo "2300"]
[Annotator "ChessBase"]
[PlyCount "41"]
[EventDate "2019.08.02"]
[EventType "swiss"]
[EventCountry "UAE"]
[SourceTitle "playchess.com"]
[Source "ChessBase"]
[SourceQuality "1"]
[TimeControl "5400+30"]

1. d4 {[%emt 0:00:00]} Nf6 {[%emt 0:00:31]} 2. c4 {[%emt 0:00:05]} g6 {[%emt 0:00:06]} 3. Nc3 {[%emt 0:00:09]} Bg7 {[%emt 0:00:05]} 4. e4 {[%emt 0:00:11]} d6 {[%emt 0:00:03]} 5. Nf3 {[%emt 0:00:15]} O-O {[%emt 0:00:32]} 6. Be2 {[%emt 0:00:08]} Na6 {[%emt 0:00:23]} 7. O-O {[%emt 0:00:20]} e5 {[%emt 0:00:38]} 8. Be3 {[%emt 0:00:42]} h6 {[%emt 0:00:53]} 9. dxe5 {[%emt 0:15:52]} Ng4 {[%emt 0:00:30]} 10. Bf4 {[%emt 0:01:00]} Nxe5 {[%emt 0:03:30]} 11. Qd2 {[%emt 0:06:55]} g5 {[%emt 0:11:50]} 12. Be3 {[%emt 0:01:26]} Be6 {[%emt 0:03:32]} 13. b3 {[%emt 0:07:23]} Nxf3+ {[%emt 0:04:49]} 14. Bxf3 {[%emt 0:00:39]} Nc5 {[%emt 0:00:48]} 15. Rac1 {[%emt 0:04:22]} a5 {[%emt 0:02:02]} 16. h3 {[%emt 0:11:02]} c6 {[%emt 0:08:42]} 17. Ne2 {[%emt 0:06:18]} f5 {[%emt 0:02:39]} 18. exf5 {[%emt 0:03:05]} Bxf5 {[%emt 0:00:10]} 19. Bd4 {[%emt 0:02:56]} Bxh3 {[%emt 0:08:39]} 20. Bxg7 {[%emt 0:01:17]} Kxg7 {[%emt 0:00:04]} 21. Qc3+ {[%emt 0:00:32]} 1-0

[Event "26th Abu Dhabi Master 2019"]
[Site "Abu Dhabi"]
[Date "2019.08.03"]
[Round "2.51"]
[White "Aakanksha Hagawane"]
[Black "Muradli, Mahammad"]
[Result "0-1"]
[WhiteElo "2246"]
[BlackElo "2454"]
[Annotator "ChessBase"]
[PlyCount "122"]
[EventDate "2019.08.02"]
[EventType "swiss"]
[EventCountry "UAE"]
[SourceTitle "playchess.com"]
[Source "ChessBase"]
[SourceQuality "1"]
[TimeControl "5400+30"]

1. e4 c5 2. Nf3 d6 3. d4 cxd4 4. Nxd4 Nf6 5. Nc3 a6 6. f4 g6 7. Bd3 Bg7 8. Nf3 Qb6 9. Qe2 Nc6 10. Rb1 O-O 11. Be3 Qc7 12. O-O b5 13. a3 Bb7 14. Qe1 Na5 15. b3 Rac8 16. Bd2 Nc6 17. Kh1 Nd7 18. Nd5 Qd8 19. f5 Nf6 20. Qh4 Ne5 21. fxg6 Nxg6 22. Nxf6+ Bxf6 23. Qh6 Qd7 24. Rbe1 Rc5 25. b4 Bg7 26. Qe3 Rh5 27. Ng1 Bh6 28. Qe2 Bxd2 29. Qxd2 f6 30. Ne2 Ne5 31. Ng3 Rg5 32. Rf5 Rg6 33. Ref1 Kh8 34. Rh5 Rfg8 35. Rh6 Rg5 36. Rh5 Qe8 37. Rxg5 Rxg5 38. Rf5 Rg8 39. Rf4 Bc8 40. Be2 Be6 41. Nf5 Bxf5 42. exf5 Qf7 43. h3 Rg3 44. Qc1 Qd5 45. Rf2 Rxh3+ 46. Kg1 Rg3 47. Kh2 Rg5 48. Qe3 Rg4 49. Qa7 Qd4 50. Qxe7 Rh4+ 51. Kg1 Kg8 52. Qe8+ Kg7 53. Qe7+ Nf7 54. Bf3 Rf4 55. c3 Qxc3 56. Bd5 Qc1+ 57. Kh2 Rh4+ 58. Kg3 Qg5+ 59. Kf3 Rf4+ 60. Ke2 Rxf2+ 61. Kxf2 Qd2+ 0-1

[Event "26th Abu Dhabi Master 2019"]
[Site "Abu Dhabi"]
[Date "2019.08.03"]
[Round "2.52"]
[White "Sankalp Gupta"]
[Black "Bartel, Marta"]
[Result "1-0"]
[WhiteElo "2416"]
[BlackElo "2260"]
[Annotator "NA"]
[PlyCount "139"]
[EventDate "2019.08.02"]
[EventType "swiss"]
[EventCountry "UAE"]
[SourceTitle "playchess.com"]
[Source "ChessBase"]
[SourceQuality "1"]
[TimeControl "5400+30"]

1. e4 c5 2. Nf3 d6 3. d4 cxd4 4. Nxd4 Nf6 5. Nc3 Nc6 6. Bg5 e6 7. Qd3 a6 8. Nxc6 bxc6 9. O-O-O Be7 10. f4 Qc7 11. Be2 h6 12. Bxf6 gxf6 13. Bh5 Rb8 14. f5 Qb6 15. fxe6 Bxe6 16. b3 Qa5 17. Qf3 Qe5 18. Kb1 Rg8 19. g4 a5 20. h3 Rb4 21. Rhe1 Rb7 22. Ne2 a4 23. Nd4 a3 24. c3 Kd7 25. Kc2 Rgb8 26. Qd3 Kc7 27. Rb1 Rb6 28. Rf1 Qh2+ 29. Ne2 Rd8 30. Rbd1 d5 31. exd5 Bxd5 32. Qg3+ Qxg3 33. Nxg3 Bd6 34. Nf5 Be4+ 35. Kc1 Be5 36. Rxd8 Kxd8 37. Kd2 Bxf5 38. gxf5 Ke7 39. Kd3 Rb8 40. Kc4 Rd8 41. Rf2 Rb8 42. Bf3 Kd6 43. Rg2 Kc7 44. Rg7 Rf8 45. b4 Kb6 46. Bh5 Rd8 47. Rg2 Rd7 48. Rc2 Kc7 49. Be2 Bf4 50. Bd3 Kb6 51. Rg2 Re7 52. Rg8 Re3 53. Ra8 Rxh3 54. Rxa3 Rh1 55. Ra8 Rc1 56. Kb3 h5 57. Rh8 Be5 58. Bc2 Rh1 59. c4 h4 60. c5+ Kc7 61. Rh7 h3 62. Rxf7+ Kb8 63. Be4 Rf1 64. Bxc6 h2 65. Rh7 Rxf5 66. b5 Rg5 67. b6 Rg8 68. a4 Rc8 69. Rb7+ Ka8 70. Ra7+ 1-0